| 000 | 00491nam a2200205Ia 4500 | ||
|---|---|---|---|
| 008 | 170918s9999 xx 000 0 und d | ||
| 020 | _a9780439341141 | ||
| 050 | _bH551 2002 | ||
| 100 | _aHerman, Gail | ||
| 245 | _aMummies at the mall / | ||
| 245 | _cGail Herman. | ||
| 260 | _aNew York : | ||
| 260 | _bScholastic, | ||
| 260 | _c2002 | ||
| 300 | _a32 pages : | ||
| 300 | _bcolored illustration ; | ||
| 300 | _c23cm. | ||
| 440 | _aScooby-doo! Readers level 2. | ||
| 500 | _a160 | ||
| 999 |
_c341450 _d341450 |
||